| 000 | 00727 a2200205 4500 | ||
|---|---|---|---|
| 010 | _aENG-89871 | ||
| 020 |
_a8188134643 _c395.00 |
||
| 035 | _aEN-73404 | ||
| 037 | _bDBAD / PUB | ||
| 082 | 1 | 4 | _a899.608 |
| 090 |
_c11902 _d11902 |
||
| 100 | 1 | _aSinha, Mani | |
| 245 | 1 |
_aContemporary Afro-American literature: _cby Mani Sinha _ba study of man and society/ |
|
| 260 |
_aNew Delhi _bSatyam Publishing House _c2007 |
||
| 270 |
_aN-3/25, Mohan Garden, Uttam Nagar, _bNew Delhi _e110059 _k25358642 |
||
| 300 |
_av, 154p. _c22 cm. (Hb) |
||
| 500 | _aIncludes bibliographical references | ||
| 942 |
_adpl _cEN _k899.608 / SIN |
||
| 999 |
_c11548 _d11548 |
||